| 000 | 00439cam a2200169ua 4500 | ||
|---|---|---|---|
| 003 | OSt | ||
| 005 | 20260213114745.0 | ||
| 008 | 260213b |||||||| |||| 00| 0 eng d | ||
| 041 | _aeng | ||
| 082 |
_a028.7362 _bHOR/DI |
||
| 100 |
_aHorner, J G . _97872 |
||
| 245 | 0 | 0 | _aDictionary of mechanical engineering terms / |
| 250 | _a9 / | ||
| 260 |
_aNew Delhi : _bOxford & IBH Publishing company , _c1967. |
||
| 300 | _a422 ; . | ||
| 942 | _cBK | ||
| 999 |
_c9218 _d9218 |
||